000 00231nam a22000857a 4500
008 160718b xxu||||| |||| 00| 0 eng d
100 _93037
_aSingh, A.I
245 _aThe Partition of India
260 _aNew Delhi
_bNational Book Trust
_c2007
999 _c2600
_d2600